书目信息 |
| 题名: |
食品毒理学
|
|
| 作者: | 孙素群 主编 | |
| 分册: | ||
| 出版信息: | 武汉 武汉理工大学出版社 2017.1 |
|
| 页数: | 313页 | |
| 开本: | 26cm | |
| 丛书名: | ||
| 单 册: | ||
| 中图分类: | R994.4 | |
| 科图分类: | ||
| 主题词: | 食品毒理学--高等职业教育--教材 | |
| 电子资源: | ||
| ISBN: | 978-7-5629-5177-3 | |
| 000 | 00993nam0 2200241 450 | |
| 001 | 0400001675 | |
| 005 | 20171025165300.92 | |
| 010 | @a978-7-5629-5177-3@dCNY42.00 | |
| 100 | @a20170619d2017 em y0chiy50 ea | |
| 101 | 0 | @achi |
| 102 | @aCN@b420000 | |
| 105 | @aa z 000yy | |
| 106 | @ar | |
| 200 | 1 | @a食品毒理学@9shi pin du li xue@f孙素群主编 |
| 205 | @a第2版 | |
| 210 | @a武汉@c武汉理工大学出版社@d2017.1 | |
| 215 | @a313页@c图@d26cm | |
| 330 | @a本书介绍了毒理学的基本概念、理论以及常见毒物的知识。全书共分为两篇:第一篇“基础毒理学”部分包括毒理学的基本概念、外源化学物在体内的转运和转化、我国食品安全性毒理学评价程序及毒理学实验的基本操作方法;第二篇“食品中常见毒性物质的分析”部分包括动物毒素、植物毒素、微生物毒素、工业污染物、农药残留、食品加工与贮藏中产生的毒性物质等内容。 | |
| 606 | 0 | @a食品毒理学@x高等职业教育@j教材 |
| 690 | @aR994.4@v5 | |
| 701 | 0 | @a孙素群@9sun su qun@c(女,@f1974-)@4主编 |
| 801 | 0 | @aCN@b91MARC@c20171019 |
| 905 | @b1030181-5@dR994.4@f5@e121=2 | |
| 食品毒理学/孙素群主编.-第2版.-武汉:武汉理工大学出版社,2017.1 |
| 313页:图;26cm |
| ISBN 978-7-5629-5177-3:CNY42.00 |
| 本书介绍了毒理学的基本概念、理论以及常见毒物的知识。全书共分为两篇:第一篇“基础毒理学”部分包括毒理学的基本概念、外源化学物在体内的转运和转化、我国食品安全性毒理学评价程序及毒理学实验的基本操作方法;第二篇“食品中常见毒性物质的分析”部分包括动物毒素、植物毒素、微生物毒素、工业污染物、农药残留、食品加工与贮藏中产生的毒性物质等内容。 |
| ● |
| 相关链接 |
|
|
|
|
正题名:食品毒理学
索取号:R994.4/121=2
 
预约/预借
| 序号 | 登录号 | 条形码 | 馆藏地/架位号 | 状态 | 备注 |
| 1 | 1030181 | 210301813 | 第二样本阅览室/ [索取号:R994.4/121=2] | 在馆 | |
| 2 | 1030182 | 210301822 | 密集书库-生命科学系/ [索取号:R994.4/121=2] | 在馆 | |
| 3 | 1030183 | 210301831 | 第三借阅区/ [索取号:R994.4/121=2] | 在馆 | |
| 4 | 1030184 | 210301840 | 第三借阅区/ [索取号:R994.4/121=2] | 在馆 | |
| 5 | 1030185 | 210301859 | 第三借阅区/ [索取号:R994.4/121=2] | 在馆 |